Statistiken für Neuroanatomie für Fortgeschrittene

Klicken Sie hier um das Quiz zu spielen!

Allgemein

  • Dieses Quiz wurde 5 mal gespielt
  • Das Durchschnittsergebnis liegt bei 3 aus 15

Antwortstatistiken

HintAntwort% Korrekt
Verbindung HemisphärenCorpus callosum
100%
Kreuzung der SehnervenChiasma opticum
40%
primär visuelles Brodmann Areal17
20%
primär motorisches Brodmann Areal4
20%
Die Arteria cerebri posterior erhält ihr Blut aus derArteria basilaris
20%
Die 4 Kerne des Cerebellums sind: Ncl. dentatus, emboliformis, globosus, ...fastigii
20%
Verbindung von Hippocampus mit C.mammillariaFornix
20%
Gyrus für GesichtserkennungGyrus fusiformis
20%
Am Boden des Cornu temporale der Seitenventrikel liegt derHippocampus
20%
Betroffene Region bei Lewy-Körper DemenzSubstantia nigra
20%
Die Seitenbegrenzung des dorsalen 3.Ventrikel wird gebildet durch denThalamus
20%
Die Arteria cerebri anterior erhält ihr Blut aus derArteria carotis interna
0%
Der 7 Hirnnerv heißtfascialis
0%
Synonym für Vicq-d'Azyr-BündelFasciculus mamillothalamicus
0%
Verbindung zwischen Seitenventrikel und 3. VentrikelForamen interventriculare
0%

Verteilung der Resultate

Perzentil nach korrekt beantworteten Fragen

Anzahl Personen mit jedem Resultat

Ihre Resultats-Entwicklung

Sie haben dieses Quiz noch nicht gespielt